Перспективные методы восстановления деталей и узлов авиационной техники: сборник научных трудов

Dettagli Bibliografici
Ente Autore: Киевский институт инженеров гражданской авиации
Altri autori: Алябьев А. Я. (редактор)
Lingua:russo
Pubblicazione: Киев, Книга, 1989
Soggetti:
Natura: MixedMaterials Libro
KOHA link:https://koha.lib.tpu.ru/cgi-bin/koha/opac-detail.pl?biblionumber=197469

MARC

LEADER 00000nam0a2200000 4500
001 197469
005 20231101224746.0
035 |a (RuTPU)RU\TPU\book\215401 
090 |a 197469 
100 |a 20110611d1989 k y0rusy50 ca 
101 0 |a rus 
102 |a UA 
105 |a a z 001zy 
200 1 |a Перспективные методы восстановления деталей и узлов авиационной техники  |e сборник научных трудов  |f Киевский институт инженеров гражданской авиации ; под ред. А. Я. Алябьева 
210 |a Киев  |c Книга  |d 1989 
215 |a 88 с.  |c ил. 
320 |a Библиогр. в конце ст. 
610 1 |a авиационная техника 
610 1 |a детали 
610 1 |a узлы 
610 1 |a восстановление 
610 1 |a технологические процессы 
610 1 |a неразрушающий контроль 
610 1 |a применение 
675 |a 629.73-2  |v 3 
702 1 |a Алябьев  |b А. Я.  |4 340 
712 0 2 |a Киевский институт инженеров гражданской авиации  |2 stltpush  |3 (RuTPU)RU\TPU\col\7483  |9 24336 
801 1 |a RU  |b 63413507  |c 20110611 
801 2 |a RU  |b 63413507  |c 20110616  |g RCR 
942 |c BK